000 01088nam a2200229Ia 4500
003 GCL
008 140319s9999 xx 000 0 ara d
020 _a6177909977
040 _aGCL /
_cGCL
082 0 4 _a813.03
_bن أ
100 1 _aنجيب محفوظ
245 1 0 _aالاعمال الكاملة : نجيب محفوظ :
_bمج1همس الجنون-عبث الأقدار-رادوبيس-كفاح طيبة-القاهرة الجديدة-مج2خان الخليلى-زقاق المدق-السراب-بداية ونهاية-مج3بين القصرين-قصر الشوق-السكرية-مج4 اللص والكلاب-السمان والخريف-دنيا الله-الطريق-بيت سئ السمع /
_cنجيب محفوظ
250 _aالاولى
260 _aالقاهرة :
_bدار الشروق ،
_c2006
300 _a10 مج ؛
_c24 سم
650 0 4 _aالادب العربى
650 0 4 _aالقصص العربية
650 0 4 _aنجيب محفوظ
650 0 4 _aالقصص العربية - مجموعات
650 0 4 _aالقصص العربية - مصر
942 _2ddc
_cBK
999 _c9603
_d9603